000 00419nam a2200181Ia 4500
005 20250425162044.0
008 250425s9999 xx 000 0 und d
041 _aeng
082 _a530
100 _aWEIDNER, RICHARD T.
245 0 _aELEMENTARY MODERN PHYSICS
250 _a6TH ED.
260 _aBOSTON
260 _aEstados Unidos
_bALLYN AND BACON
_c1963
300 _a513
942 _c01
010 _a44777
999 _c221441
_d221441